| 000 | 02484cam a22004934i 4500 | ||
|---|---|---|---|
| 003 | PE-LiUPU | ||
| 005 | 20250731173341.0 | ||
| 008 | 150706s r 000 0 d | ||
| 020 | _a8433015982 | ||
| 035 | _a(Sirsi) i9788433015983 | ||
| 040 |
_aPE-LiUPU _bspa _cPE-LiUPU _erda |
||
| 049 | _aPRUA | ||
| 082 | 0 | 4 |
_a232.93 _bS _221 |
| 245 | 0 | 3 |
_aLa sagrada familia en la Biblia / _cNuria Calduch-Benages (ed.). |
| 264 | 1 |
_aBilbao : _bDesclée de Brouwer, _c[2001]. |
|
| 300 |
_a221 páginas : _bilustraciones, mapas ; _c24 centímetros |
||
| 336 |
_atext _2rdacontent |
||
| 337 |
_aunmediated _2rdamedia |
||
| 338 |
_avolume _2rdacarrier |
||
| 490 | 0 |
_aBiblioteca Manual Desclée ; _v28 |
|
| 504 | _aIncluye bibliografía. | ||
| 505 | 0 | _aLa Sagrada Familia en el Antiguo testamento -- La Sagrada familia en el antiguo testamento: Visón de conjunto -- La sagrada familia en los textos proféticos del antiguo testamento -- La sagrada familia a la luz de la tradición sapiencial del antiguo testamento -- La sagrada familia en la perspectiva de los salmos mesiánicos -- La sagrada familia en el nuevo testamento y en los evangelios apócrifos -- La sagrada familia en el nuevo testamento: visión de conjunto -- La sagrada familia desde la óptica del evangelio de mateo -- La sagrada familia en el evangelio de la infancia de Lucas -- La sagrada familia en los evangelios apócrifos -- La sagrada familia: arqueología, historia, tradición -- La presencia de la sagrada familia en tierra santa -- El mundo en que vivió la sagrada familia -- La peregrinación de la sagrada familia. | |
| 526 | _aSEG42 | ||
| 526 | _aSEG41 | ||
| 526 | _aSEG40 | ||
| 526 | _aSEG39 | ||
| 526 | _aP94 | ||
| 526 | _aP87 | ||
| 526 | _aP86 | ||
| 526 | _aP85 | ||
| 526 | _aP77 | ||
| 526 | _aP76 | ||
| 526 | _aP35 | ||
| 541 | _g007-0020316; | ||
| 630 |
_aBiblia _xCrítica e interpretación. |
||
| 650 | 0 | 4 | _aSagrada Familia en la Biblia. |
| 700 | 1 |
_aCalduch-Benages, Nuria, _eed. |
|
| 910 |
_agl _bjv _cng _d20090910 |
||
| 942 |
_2ddc _cBOOK |
||
| 949 |
_a232.93 S _wDEWEY _c1 _i60315 _lCCODEBUL1 _mBUL _p14.00 _r0 _sY _tBOOK _u2015-7-6 _xTEOLOGIA _zUNKNOWN _0COMPRA _o.STAFF. Colección General |
||
| 994 |
_aC0 _bPEPRU |
||
| 596 | _a1 | ||
| 999 |
_a232.93 S _wDEWEY _c49776 _i60315 _f2021-11-10 _g5 _lCCODEBUL1 _mBUL _p14.00 _r0 _sY _tBOOK _u2015-7-6 _xTEOLOGIA _zUNKNOWN _0COMPRA _o.STAFF. Colección General _d49776 |
||
| 980 |
_81 _gALBERTO SANCHEZ Responsable de Automatización |
||